000 00842nam0a22002531 4500
001 rc\746016
005 20250622115520.0
035 _a(NLR Aleph) 006274855
090 _a6988250
_c6988250
100 _a20040301d1985 |||y0rusy50 ca
101 0 _arus
102 _aRU
105 _ay |||||||||
200 1 _aСравнение l-запрещенного гамов-теллеровского бета-перехода ³⁹CaCO⁻ - O⁺ бета-переходами
210 _aМ.
_cИАЭ
_d1985
215 _a9 с.
_d21
225 1 _aПрепринт
_fИн-т атом. энергии им. И.В. Курчатова
_vИАЭ - 4205/2
320 _aБиблиогр.: с. 8-9
700 1 _aХафизов
_bР.У.
801 0 _aRU
_bNLR
_gpsbo
801 1 _aRU
_bELAR
_2rusmarc
852 _aNLR
_j85-6/8596
942 _cBOOK
980 _aNB